FC Bayern Rückennummerhistorie #11 - Statistiken

Allgemein
  • Dieses Quiz wurde 29 mal gespielt
  • Das Durchschnittsergebnis liegt bei 8 aus 53
Antwortstatistiken
Hint Antwort % Korrekt
2021-2025 Kingsley Coman
77%
2020/21; 2015-2017 Douglas Costa
62%
seit 2025/26 Nicolas Jackson
54%
2017-2019 James Rodriguez
50%
2006-2009 Lukas Podolski
46%
1998-2002 Stefan Effenberg
42%
1978-84 Karl-Heinz Rummenigge
38%
1995/96; 1992-94 Mehmet Scholl
38%
1987/88; 1985/86 Michael Rummenigge
38%
2009-2012 Ivica Olic
31%
2012-2015 Xherdan Shaqiri
31%
1973/74 Uli Hoeneß
27%
2002-2006 Ze Roberto
27%
1995/96 Jürgen Klinsmann
23%
1993-96 Alexander Zickler
19%
2019-2021 Michael Cuisance
19%
1988/89 Jürgen Wegmann
15%
1991-93; 1984/85 Roland Wohlfarth
15%
1977/78; 1972/73 Bernd Dürnberger
12%
1986-88 Hans Dorfner
12%
1973-77 Hans-Josef Kapellmann
12%
1984-87 Ludwig Kögl
12%
1993-97 Marcel Witeczek
12%
1995/96 Jean-Pierre Papin
8%
1977/78 Klaus Augenthaler
8%
1991-93 Mazinho
8%
1993-95 Michael Sternkopf
8%
1985/86 Norbert Nachtweih
8%
1990/91 Olaf Thon
8%
1984-86 Reinhold Mathy
8%
1977/78 Udo Horsmann
8%
1993/94 Adolfo Valencia
4%
1994/95 Alain Sutter
4%
1989/90 Alan McInally
4%
1987/88 Andreas Brehme
4%
1981/82 Asgeir Sigurvinsson
4%
1997/98 Bixente Lizarazu
4%
1993/94 Bruno Labbadia
4%
1966/67; 1962/63 Dieter Brenninger
4%
1988/89 Johnny Ekström
4%
1974/75 Klaus Wunder
4%
1977/78 Norbert Janzon
4%
1989/90 Thomas Strunz
4%
1985/86 Wolfgang Dremmler
4%
1973/74 Bernd Gersdorff
0%
1990-92 Brian Laudrup
0%
1994-96 Emil Kostadinov
0%
1985-87 Holger Willmer
0%
1986/87 Lars Lunde
0%
1962/63 Peter Grosser
0%
1972-74 Willi Hoffmann
0%
1977/78 Wolfgang Rausch
0%
1971/72 Wolfgang Sühnholz
0%
Keine übereinstimmenden Quizze gefunden
Verteilung der Resultate
Anzahl Personen mit jedem Resultat
Perzentil nach korrekt beantworteten Fragen
Ihre Resultats-Entwicklung
Sie haben dieses Quiz noch nicht gespielt